00772cam a2200241 a 4500001000800000005001700008008004100025010001700066020001500083040002500098041000800123080001400131082001800145100000700163101000800170245006300178504007200241504003000313906004500343942001200388999001700400952011300417331489320180116033205.0840917s1986 enk b 000 0 eng  a 84021366  a0521267900 aDLCcDLCdOCoLCdDLC aeng a338.9 MOD00a338.9 MOD2191 a53 aMEN14aThe debate over stabilization policy /cFranco Modigliani. aPublications and Collected papers of Franco Modigliani: p. 227-250. aBibliography: p. 253-262. a7bcbccorignewd1eocipf19gy-gencatlg 2ddccBK c40330d40330 00102udc40708PËKGa002b002cPËKGd2018-01-16l0o338.9 MODp002-2995440r2018-01-16w2018-01-16yBK